| 000 | 00560nam a2200169 4500 | ||
|---|---|---|---|
| 999 |
_c30594 _d30594 |
||
| 008 | 191125b ||||| |||| 00| 0 eng d | ||
| 020 | _a9780007189885 | ||
| 050 | _aPR 9387.9 .A35 2017 | ||
| 100 | _aAndichie, Chimamanda Ngozi | ||
| 245 |
_aPurple hibiscus/ _cChimamanda Ngozi Adichie |
||
| 260 |
_aLondon : _b4th State, _c2017 |
||
| 300 |
_a307 p. ; _c20 cm. |
||
| 650 |
_aTeenage girls _vFiction. |
||
| 650 |
_aChildren of the rich _vFiction. |
||
| 650 |
_aBrothers and sisters _v Fiction. |
||
| 942 |
_2lcc _cAFRICANA _hPR 9387.9 .A35 2017 |
||